|
|
|
|
| LEADER |
00000cam a2200000 7i4500 |
| 001 |
0000004266 |
| 005 |
20160330.0 |
| 008 |
070725 |
| 020 |
|
|
|a 9833435149
|
| 020 |
|
|
|a 9833435297(siri)
|
| 090 |
0 |
0 |
|a SHE
|b ENG
|
| 100 |
1 |
|
|a Shelley, Mary
|
| 245 |
1 |
0 |
|a Frankenstein
|c Mary Shelley
|
| 260 |
|
|
|a Kuala Lumpur :
|b Scholar's Publications ,
|c 2005
|
| 440 |
|
|
|a Illustrated classics series
|
| 500 |
|
|
|a Teenager ages 13-18 years old (blue)
|
| 650 |
|
0 |
|a Classic tales
|
| 999 |
|
|
|a 0000973744
|b Book
|c Teenagers
|e Perbadanan Perpustakaan Awam Johor
|
| 999 |
|
|
|a 0000973748
|b Book
|c Teenagers
|e Perbadanan Perpustakaan Awam Johor
|
| 999 |
|
|
|a 0001080165
|b Book
|c Teenagers
|e Cawangan Bandar Penawar
|